00559nam a2200133Ia 4500008004100000100002700041245012100068260002900189300001800218650001500236856008200251999001900333952007300352160712s9999 xx 000 0 und d aTolentino, Rolando B.  cRolando B. TolentinoaShake, Rattle and Roll Horror Franchise and the Specter of Nation-Formation in the Philippines c2016bHumanities Diliman avol. 13 no. 1 xHUMANITIES uhttp://journals.upd.edu.ph/index.php/humanitiesdiliman/issue/view/528/showToc c296994d296994 001040aCLbCLd2016-07-12l0r2016-07-12 00:00:00w2016-07-12yFEJ